| 000 | 00000nam##2200000za#4500 |
| 001 | 9.571771 |
| 003 | CaOODSP |
| 005 | 20210624182905 |
| 007 | cr ||||||||||| |
| 008 | 150406|2001||||xxc|||||o f|0| 0 eng|d |
| 040 | |aCaOODSP|beng |
| 043 | |an-cn--- |
| 086 | 1 |aNH18-23/89E-PDF |
| 110 | 2 |aCanada Mortgage and Housing Corporation. |
| 245 | 12|aA guide to developing a municipal affordable housing strategy |h[electronic resource] |
| 260 | |aOttawa - Ontario : |bCanada Mortgage and Housing Corporation |cNovember 2001. |
| 300 | |a4p. |
| 490 | 1 |aResearch highlight. Socio-economic series |v89 |
| 590 | |a11-23-Supp|b2011-10-17 |
| 690 | 07|aHousing|2gcpds |
| 690 | 07|aStrategies|2gcpds |
| 775 | 08|tGuide d'élaboration d'une stratégie relative au logement abordable dans les municipalités |w(CaOODSP)9.602196 |
| 776 | 0#|tA guide to developing a municipal affordable housing strategy |w(CaOODSP)9.615908 |
| 830 | #0|aResearch highlight. Socio-economic series ;|v89|w(CaOODSP)9.505168 |
| 856 | 40|ahttp://publications.gc.ca|qPDF|s99 KB|uhttps://publications.gc.ca/collections/Collection/NH18-23-89E.pdf|y89 |